000 02972nam a2200385 i 4500
001 18394
003 DO-SDUEMH
005 20260225163114.0
007 ta
008 240226s2012 dr |||| ||||o00| 0 spa d
020 _a9788493133016 (obra completa)
020 _a9788495626813 (volumen 1)
020 _a9788495626820 (volumen 2)
040 _aDO-SdUEMH
_bspa
_erda
082 0 4 _mCG
_bR934e
100 1 _aRuiz González, María Dolores
_9226
_eautr
245 1 0 _aEnfermería Pediátrica /
_cMaría Dolores Ruiz Gonzáles, María Rosa Martinez Barellas, Pilar Gonzales Carrión ; colaboradores: Roser Álvarez Miró, Enrique Bermaus Poch, María Luisa de Bustos Rodero, Carmen Ceresuela Alonso, Pilar Cervera Ral [y otros 17] ; Ilustración: David Menéndez Gonzales
260 1 _c2012
264 1 _aBarcelona, España :
_bEdición avances de enfermería,
_c2012
300 _a2 volumenes :
_bilustraciones ;
_c26 Cm.
336 _2rdacontent
_atexto
_btxt
337 _2rdamedia
_asin mediación
_bn
338 _2rdacarrier
_avolumen
_bnc
490 0 _aEnfermería S21
505 2 _aVolumen 1: Expectativas de la enfermería de la infancia -- El proceso enfermero en el cuidado del niño y su familia -- Salud, infancia y adolescencia -- El recién nacido -- Atención a recién nacido y su familia -- Problema de salud en el periodo neonatal -- Atención del recién nacido con problema de salud -- Recién nacidos de madres drogodependiente -- Característica del crecimiento y el desarrollo -- Seguimiento de la salud infantil -- Prevención de accidentes -- Alimentación del recién nacido y el lactante -- Alimentación desde el primer Asta la adolescencia -- La pubertad -- Sexualidad y conductas de riesgo en la adolescencia -- Problema nutricionales y endocrinos -- Las Droga sen la adolescencia. Volumen 2: Fiebre -- Tos -- Vómitos -- Diarrea -- Estreñimiento -- Dolor abdominal -- Convulsiones -- Cefalea -- Exantema -- Enuresis y otros síntomas urinarios -- Rinorrea, otalgia, dolo de garganta -- La hospitalización -- Valoración y tratamiento del dolor -- Actividad enfermara en cirugía pediátrica -- Quemaduras -- Maltrato -- La cronicidad-discapacidad -- Patologías crónicas en la infancia -- Atención a los niños de familias inmigrantes -- La enfermedad neoplásica -- enfermedad terminal y muerte -- Obtención de muestras en unidades pediátricas -- Administración de medicamentos -- Técnicas y procedimientos más habituales -- Intervenciones enfermeras en situaciones críticas.
700 1 _aMartínez Barellas, María Rosa
_9227
_eautr
700 1 _aGonzález Carrión, Pilar
_9228
_eautr
700 1 _aÁlvarez Miró, Roser
_9229
_ectb
700 1 _aBernaus Poch, Enriqueta
_9230
_ectb
700 1 _aBustos Rodero, María Luisa de
_9231
_ecolb
700 1 _aCeresuela Alonso, Carmen
_9232
_ecolb
700 1 _aCervera Ral, Pilar
_9233
_ecolb
700 1 _aMenéndez González, David
_9234
_eill
942 _2ddc
_cBK
_n0
999 _c18394
_d18394